00760cam a2200241 a 450000100100000000500170001000800410002702000150006803500190008304000250010208200150012710000250014224500750016726000400024230000270028249000220030950400550033158600400038665000200042665000290044665000210047583000220049600001163520200929162518.0931130s1986 ve a 001 0 spa d a9802590894 a(DLC) 93237099 aDO-SdBNPbBNPHUcDLC annnbC245c1 aCapobianco, Antonio.13aEl cultivo del mar, ríos y lagos de Venezuela /cAntonio Capobianco. aCaracas :bCuaderno Lagoven,c1986. a57 p. :bil. ;c22 cm.1 aCuadernos Lagoven aIncluye referencias bibliográficas (p. [58-59]). aPremio Nacional de Periodismo, 1986 4aCultivos y agua 4aPesca con red de enmalle 4aPescazVenezuela 0aCuadernos Lagoven